Zwycięzcy konkursów Pucharu Świata 2019/20 w skokach narciarskich - Statystyki

Ogólne statystyki
  • Ten quiz został rozwiązany 48 razy
  • Średni wynik to 23 z 27
Statystyki odpowiedzi
Data Miejscowość Skocznia Narodowość Zwycięzca % Poprawnych
6.01.2020 Bischofshofen duża Polska Dawid Kubacki
100%
18.01.2020 Titisee-Neustadt duża Polska Dawid Kubacki
100%
19.01.2020 Titisee-Neustadt duża Polska Dawid Kubacki
100%
21.12.2019 Engelberg duża Polska Kamil Stoch
100%
26.01.2020 Zakopane duża Polska Kamil Stoch
100%
10.03.2020 Lillehammer duża Polska Kamil Stoch
100%
15.12.2019 Klingenthal duża Japonia Ryōyū Kobayashi
98%
22.12.2019 Engelberg duża Japonia Ryōyū Kobayashi
98%
29.12.2019 Oberstdorf duża Japonia Ryōyū Kobayashi
98%
8.12.2019 Niżny Tagił duża Austria Stefan Kraft
93%
2.02.2020 Sapporo duża Austria Stefan Kraft
93%
16.02.2020 Tauplitz mamucia Austria Stefan Kraft
93%
22.02.2020 Râșnov normalna Austria Stefan Kraft
93%
28.02.2020 Lahti duża Austria Stefan Kraft
93%
15.02.2020 Tauplitz mamucia Polska Piotr Żyła
90%
9.03.2020 Lillehammer duża Słowenia Peter Prevc
88%
11.01.2020 Predazzo normalna Niemcy Karl Geiger
85%
12.01.2020 Predazzo normalna Niemcy Karl Geiger
85%
21.02.2020 Râșnov normalna Niemcy Karl Geiger
85%
1.03.2020 Lahti duża Niemcy Karl Geiger
85%
24.11.2019 Wisła duża Norwegia Daniel-André Tande
76%
30.11.2019 Ruka duża Norwegia Daniel-André Tande
76%
1.01.2020 Garmisch-Partenkirchen duża Norwegia Marius Lindvik
66%
4.01.2020 Innsbruck duża Norwegia Marius Lindvik
66%
7.12.2019 Niżny Tagił duża Japonia Yukiya Satō
66%
1.02.2020 Sapporo duża Japonia Yukiya Satō
66%
8.02.2020 Willingen duża Niemcy Stephan Leyhe
59%
Nie znaleziono quizów pasujących do podanych kryteriów
Rozkład punktacji
Procent ludzi z każdym wynikiem
Percentyl według liczby udzielonych odpowiedzi
Twoja historia wyników
Nie rozwiązałeś tego quizu